00434nam a2200121Ia 450000500170000000800410001702000150005808200150007310000390008824501610012730000140028865000100030220240419042833.0240331s9999 xx 000 0 und d a9090026274 bBAUa331.4 aBaud, Antoinette Suzanne Isabelle  0aForms of production and women's labour :bGender aspects of industrialization in India and Mexico cI.S.A. Baud.  a237 p .,  aWomen